| 000 | 00836nam a22002175i 4500 | ||
|---|---|---|---|
| 001 | 166208 | ||
| 003 | ES-MaACL | ||
| 005 | 20250702063125.0 | ||
| 008 | 050913s1856 gw | |||||||| ||eng d | ||
| 040 |
_aCAM _bspa _cCAM |
||
| 100 | 1 |
_aThackeray, William Makepeace, _d1811-1863 _9109858 |
|
| 245 | 1 | 4 |
_aThe tremendous adventures of Major Gahagan _b: ; The fatal boots ; Ballads / _cby W.M. Thackeray. |
| 260 |
_aLeipzig : _bBernhard Tauchnitz, _c1856. |
||
| 300 |
_a320 p. ; _c16 cm. |
||
| 490 | 1 |
_aCollection of british authors ; _v345 |
|
| 490 | 1 |
_aMiscellanies: prose and verse by W.M. Thackeray ; _v3 |
|
| 830 | 0 |
_aCollection of british authors ; _v345 _9180703 |
|
| 830 | 0 |
_aMiscellanies: prose and verse by W.M. Thackeray ; _v3 _9188606 |
|
| 852 |
_aES-MaACL _jG-12016(1) _z-- Enc. hol. |
||
| 999 |
_c166208 _d166208 |
||